Hào kiệt Lạc Việt T2

Bewaard in:
Bibliografische gegevens
Hoofdauteur: Hàn Thế Dũng
Formaat: Boek
Taal:Undetermined
Gepubliceerd in: Hà Nội Công an nhân dân 1998
Onderwerpen:
Tags: Voeg label toe
Geen labels, Wees de eerste die dit record labelt!
Thư viện lưu trữ: Trung tâm Học liệu Trường Đại học Cần Thơ
LEADER 00515nam a2200181Ia 4500
001 CTU_27431
008 210402s9999 xx 000 0 und d
082 |a 895.9223081 
082 |b D513/T.2 
100 |a Hàn Thế Dũng 
245 0 |a Hào kiệt Lạc Việt 
245 0 |b T2 
245 0 |c Hàn Thế Dũng 
260 |a Hà Nội 
260 |b Công an nhân dân 
260 |c 1998 
650 |a vietnamese fiction - 20th century 
980 |a Trung tâm Học liệu Trường Đại học Cần Thơ